An introduction to the mathematical formulation of self-organizing systems / (Record no. 8631)

MARC details
000 -LEADER
fixed length control field 00608nam a2200193 4500
003 - CONTROL NUMBER IDENTIFIER
control field OSt
005 - DATE AND TIME OF LATEST TRANSACTION
control field 20240619094403.0
008 - FIXED-LENGTH DATA ELEMENTS--GENERAL INFORMATION
fixed length control field 240619b |||||||| |||| 00| 0 eng d
040 ## - CATALOGING SOURCE
Transcribing agency MUST
082 ## - DEWEY DECIMAL CLASSIFICATION NUMBER
Classification number 510 FOR 1965
100 ## - MAIN ENTRY--PERSONAL NAME
Personal name Formby, John
9 (RLIN) 17479
245 ## - TITLE STATEMENT
Title An introduction to the mathematical formulation of self-organizing systems /
Statement of responsibility, etc. John Formby
260 ## - PUBLICATION, DISTRIBUTION, ETC. (IMPRINT)
Place of publication, distribution, etc. London
Name of publisher, distributor, etc. E.&F.N. Spon
Date of publication, distribution, etc. 1965
300 ## - PHYSICAL DESCRIPTION
Extent vii,200p.:
Other physical details ill. ;
Dimensions 20 cm.
440 ## - SERIES STATEMENT/ADDED ENTRY--TITLE
Title Spon's industrial mathematics series
9 (RLIN) 17480
504 ## - BIBLIOGRAPHY, ETC. NOTE
Bibliography, etc Includes bibliographical references and index
650 ## - SUBJECT ADDED ENTRY--TOPICAL TERM
Topical term or geographic name as entry element Mathematics
942 ## - ADDED ENTRY ELEMENTS (KOHA)
Source of classification or shelving scheme Dewey Decimal Classification
Koha item type Open Shelf
Holdings
Withdrawn status Lost status Source of classification or shelving scheme Damaged status Not for loan Home library Current library Date acquired Source of acquisition Inventory number Total Checkouts Full call number Barcode Date last seen Price effective from Koha item type
    Dewey Decimal Classification     MUST Main Library MUST Main Library 19/06/2024 Donation 2000/14365   510 FOR 1965 2024-20861 19/06/2024 19/06/2024 Open Shelf
    Dewey Decimal Classification     MUST Main Library MUST Main Library 21/06/2024 Purchase 2000/14324   510 FOR 1965 2024-21013 21/06/2024 21/06/2024 Open Shelf